000
003280000a22001450004500
003
MACL
040
_a
MACL
090
_c
8106
_d
8105
100
_a
Joseph, Siby K
245
_a
Explorations in Culture of Peace
260
_b
Institute of Gandhian Studies
_c
2006
350
_a
300
650
_a
Social Sciences
942
_c
BOOK
_k
300
999
_c
8056
_d
8056